MARC

LEADER 00000nam0a2200000 4500
001 326095
005 20231102003828.0
035 |a (RuTPU)RU\TPU\book\351730 
090 |a 326095 
100 |a 20161219d1946 m y0rusy50 ca 
101 0 |a rus 
102 |a RU 
105 |a a z 000zb 
200 1 |a Рафаэль (1483-1520)  |f Н. Романов 
210 |a Москва  |a Ленинград  |c Искусство  |d 1946 
215 |a 47 с.  |c ил. 
600 0 |a Рафаэль Санти  |c итальянский живописец  |c архитектор  |f 1483-1520  |2 stltpush  |3 (RuTPU)RU\TPU\pers\502  |9 240 
606 1 |a Живописцы  |2 stltpush  |3 (RuTPU)RU\TPU\subj\10834  |9 37852 
610 1 |a изобразительное искусство 
610 1 |a итальянская живопись 
610 1 |a 15 век 
610 1 |a 16 век 
610 1 |a история 
610 1 |a Италия 
610 1 |a художники 
610 1 |a персоналии 
675 |a 75.071  |v 4 
700 1 |a Романов  |b Н. 
801 1 |a RU  |b 63413507  |c 20161219 
801 2 |a RU  |b 63413507  |c 20200218  |g RCR 
942 |c BK